000 00710nam a2200241 i 4500
001 C2-0324867
003 PPAK
005 20180728123039.0
008 140102s2012 nyua|||| ||||| | eng d
020 _a9781591846406
040 _aPPAK
_beng
_cPPAK
_erda
082 0 4 _a658.4092
_223
090 0 0 _a658.4092
_bMAR
_dLCK
100 1 _aMarquet, L.David,
_eauthor
245 1 0 _aTurn The Ship Around! :
_ba true story of turning followers into leaders
264 1 _aNew York :
_bPenguin Group ,
_c2012
300 _a(xiii), 229 pages :
_billustrations ;
_c22 cm
336 _2rdacontent
_atext
337 _2rdamedia
_aunmediated
338 _2rdacarrier
_avolume
650 1 0 _aLeadership
942 _ddc
_cB
999 _c124680
_d124680